Stories from the life of your uncle Joe

Podrobná bibliografia
Hlavný autor: Hegglin, Josef (Autor, Prekladateľ)
Médium: Kniha
Jazyk:angličtina
nemčina
Fyzický popis:230 strán mapy
Vydavateľské údaje: Bratislava Lúč, vydavateľské družstvo 2019
ISBN:9788081791345
Vydanie:Prvé vydanie
Predmet:

MARC

LEADER 00000cam a2200000 4500
001 vtls011876910
003 SK-MaSNL
005 20260301101537.0
008 200228s2019 xo b gr 010 0aeng
015 |a SNBA2019/10 
020 |a 9788081791345  |q (brožované) 
035 |a urn:nbn:sk:snk-am00dduu 
035 |a urn:nbn:sk:snk-am3hyuh 
035 |a D07BEE25-3B25-4AA5-A88C-4134C509966B 
040 |a SNK  |b slo  |c SNK  |e rda 
041 1 |a eng  |h ger 
044 |a xo  |c SK 
072 7 |a 27  |x Kresťanstvo. Kresťanská cirkev všeobecne. Ekleziológia  |2 konspekt 
072 7 |a 929  |x Biografie  |2 konspekt 
080 |a (092)  |2 2011 
080 |a 27‑76  |2 2011 
100 1 |a Hegglin, Josef  |4 aut  |4 trl  |9 435965 
245 1 0 |a Stories from the life of your uncle Joe  |c Josef Hegglin ; z nemeckého jazyka preložil Jozef Hegglin 
250 |a Prvé vydanie 
264 1 |a Bratislava  |b Lúč, vydavateľské družstvo  |c 2019 
300 |a 230 strán  |b mapy 
336 |a text  |b txt  |2 rdacontent 
337 |a bez média  |b n  |2 rdamedia 
338 |a zväzok  |b nc  |2 rdacarrier 
500 |a Poznámky pod čiarou 
600 1 7 |a Hegglin, Josef  |2 SNKMA  |9 435965 
650 0 7 |a kresťanskí misionári  |2 SNKPH  |9 78866 
650 0 7 |a Christian missionaries  |2 SNKPHeng  |9 275940 
655 7 |a autobiografie  |2 SNKPH  |9 70280 
655 7 |a Autobiography  |2 SNKPH  |9 283613 
919 |a 978-80-8179-134-5 
958 |a DE 
958 |a OP 
958 |a BC 
958 |a NT 
999 |c 689593  |d 691523 
952 |a SNK  |b SNK  |y PREZ  |7 0  |p 17A1388883  |o snkSD 88504  |i snk2019/22665  |8 0  |0 0  |1 0  |4 0  |d 2019-09-10  |f 1  |l 0  |r 2026-02-23 20:23:35  |w 2026-02-23 
952 |a SNK  |b SNK  |y VYP  |7 0  |p 17A1388884  |o snkSD 88504 D1  |i snk2019/22666  |8 0  |0 0  |1 0  |4 0  |d 2019-09-10  |l 0  |r 2026-02-23 20:23:35  |w 2026-02-23